[Event "POL-ch U13 Girls Qual"]
[Site "Jastrzebia Gora"]
[Date "2021.11.18"]
[Round "6"]
[White "Kicinska, Anna"]
[Black "Walerjan, Ada"]
[Result "1/2-1/2"]
[WhiteElo "1238"]
[BlackElo "1045"]
[PlyCount "70"]
[EventDate "2021.11.15"]
[EventType "swiss"]
[EventRounds "9"]
[EventCountry "POL"]
[SourceTitle "EXT 2023"]
[Source "ChessBase"]
[SourceDate "2022.10.05"]
[SourceVersion "1"]
[SourceVersionDate "2022.10.05"]
[SourceQuality "1"]

1. d4 d5 2. Nf3 Nf6 3. Bg5 Ne4 4. Bh4 c5 5. dxc5 g6 6. c3 Bg7 7. e3 Nxc5 8. Be2 0-0 9. 0-0 Qd6 10. Bg3 Qd8 11. Nbd2 Bf5 12. Nb3 Ne4 13. Bf4 Nc6 14. Nbd4 Nxd4 15. exd4 Rc8 16. Nd2 Re8 17. Re1 Nxd2 18. Qxd2 a6 19. Bd3 Bxd3 20. Qxd3 e6 21. Qg3 Bf6 22. Be5 Rc6 23. Rab1 Bxe5 24. Rxe5 Qf6 25. h4 Qg7 26. Rg5 Rf8 27. h5 f6 28. Rg4 f5 29. Rg5 Rf6 30. Qh4 h6 31. Rxg6 Rxg6 32. hxg6 Qxg6 33. Re1 Qg5 34. Qxg5+ hxg5 35. Kh2 Kf7 1/2-1/2

[Event "Poronin Tatra Limba op-B"]
[Site "Poronin"]
[Date "2021.05.26"]
[Round "6.28"]
[White "Pajer, Irena"]
[Black "Walerjan, Ada"]
[Result "1-0"]
[WhiteElo "1162"]
[BlackElo "1091"]
[PlyCount "109"]
[EventDate "2021.05.22"]
[EventType "swiss"]
[EventRounds "9"]
[EventCountry "POL"]
[SourceTitle "EXT 2022"]
[Source "ChessBase"]
[SourceDate "2021.10.06"]
[SourceVersion "1"]
[SourceVersionDate "2021.10.06"]
[SourceQuality "1"]

1. e4 c5 2. Nf3 a6 3. d4 cxd4 4. Nxd4 Nf6 5. Nc3 e5 6. Nb3 Bb4 7. Bd2 Nc6 8. Bc4 0-0 9. Qf3 d6 10. Nd5 Bxd2+ 11. Nxd2 Nxd5 12. Bxd5 Nd4 13. Qd3 Be6 14. c3 Nc6 15. Nc4 Qc7 16. Bxe6 fxe6 17. Qxd6 Qf7 18. 0-0 Rad8 19. Qc5 Qf6 20. Rad1 Rde8 21. Rd7 Rb8 22. Nd6 Nd8 23. Qc7 Nc6 24. Nxb7 Rfc8 25. Qb6 Nd8 26. Qxa6 Nf7 27. Nd6 Nxd6 28. Rxd6 Qf8 29. Rxe6 Rxb2 30. Rxe5 Rxc3 31. Qe6+ Qf7 32. Qd6 h6 33. Re7 Qf6 34. Qxf6 gxf6 35. Rd1 Rc8 36. Red7 Rcc2 37. Ra7 Rc8 38. h3 Rcb8 39. Rd6 Rf8 40. Rdd7 Rfb8 41. Rg7+ Kh8 42. Rh7+ Kg8 43. Rxh6 R2b6 44. a4 Rb4 45. Rxf6 Rxe4 46. a5 Ra4 47. a6 Ra5 48. Rd6 Rf8 49. Rdd7 Rg5 50. Rab7 Ra8 51. a7 Rf5 52. Rb8+ Rxb8 53. axb8Q+ Rf8 54. Qg3+ Kh8 55. Qg7# 1-0

[Event "Poronin Tatra Limba op-B"]
[Site "Poronin"]
[Date "2021.05.22"]
[Round "1.21"]
[White "Walerjan, Ada"]
[Black "Lecki, Leonard"]
[Result "0-1"]
[WhiteElo "1091"]
[BlackElo "1397"]
[PlyCount "52"]
[EventDate "2021.05.22"]
[EventType "swiss"]
[EventRounds "9"]
[EventCountry "POL"]
[SourceTitle "EXT 2022"]
[Source "ChessBase"]
[SourceDate "2021.10.06"]
[SourceVersion "1"]
[SourceVersionDate "2021.10.06"]
[SourceQuality "1"]

1. e4 e5 2. Nf3 Nc6 3. Bc4 Bc5 4. d3 d6 5. c3 Nf6 6. Nbd2 0-0 7. Nf1 a6 8. Ng3 Na5 9. Bd5 c6 10. Bxf7+ Rxf7 11. b4 Ba7 12. bxa5 Qxa5 13. Bd2 Bg4 14. c4 Qc7 15. 0-0 Nh5 16. Kh1 Raf8 17. Nxh5 Bxh5 18. Be3 Rxf3 19. Qxf3 Bxf3 20. gxf3 Rxf3 21. Bxa7 b6 22. Bxb6 Qxb6 23. Rad1 Rxf2 24. Rg1 Qb2 25. Rgf1 Rxh2+ 26. Kg1 Qg2# 0-1